Cours d'instructions familières quatrième dominicale. Instructiones pour les dimanches, les fetes et autres jours remarquables ...

Detalles Bibliográficos
Formato: Libro
Publicado: Lyon 1839
Materias:
Colección:Banco de datos
Acervo:Biblioteca del Museo Regional de Querétaro. INAH. Querétaro
Descripción Física:t. VII
Tema general:Pastoral
Notas:Buena. 1P6, 21
LEADER 00720nam a22001930004500
035 |a 27867 
036 |a 1576 
245 1 0 |a Cours d'instructions familières quatrième dominicale. Instructiones pour les dimanches, les fetes et autres jours remarquables ... 
260 |a Lyon  |b Casa de Pélagaud y Lesne  |c 1839 
300 |a t. VII 
500 |a Buena. 1P6, 21 
650 1 0 |a Pastoral 
949 |a C.R.Q. 
959 |a Ex convento Grande de San Francisco de la ciudad de Querétaro, Museo Regional de Querétaro  |b CCC2 
960 |a Colección General, Querétaro  |b DD80 
961 |a Varias Ordenes Religiosas  |b VO 
942 |c C.R.Q. 
943 |g Biblioteca del Museo Regional de Querétaro. INAH. Querétaro 
999 |c 984183  |d 984183